MARC

LEADER 00000nam0a2200000 4500
001 362444
005 20231102011506.0
035 |a (RuTPU)RU\TPU\retro\19790 
090 |a 362444 
100 |a 20210727d1981 km y0rusy50 ca 
101 0 |a rus 
102 |a RU 
105 |a a z 001zy 
200 1 |a Стилистические традиции искусства Палеха  |f Н. М. Зиновьев 
210 |a Ленинград  |c Художник РСФСР  |d 1981 
215 |a 216 с.  |c ил. 
320 |a Таблицы изображений и комментарии: с. 213-216 
606 1 |a Палех  |2 stltpush  |3 (RuTPU)RU\TPU\subj\48037  |9 66919 
610 1 |a декоративно-прикладное искусство 
610 1 |a изобразительное искусство 
610 1 |a народные промыслы 
610 1 |a миниатюры 
610 1 |a живопись 
610 1 |a стилистика 
610 1 |a традиции 
610 1 |a альбомы 
675 |a 745.51  |v 4 
700 1 |a Зиновьев  |b Н. М.  |g Николай Михайлович 
801 1 |a RU  |b 63413507  |c 20210727 
801 2 |a RU  |b 63413507  |c 20211227  |g RCR 
942 |c BK